| 000 | 00482nam a2200205Ia 4500 | ||
|---|---|---|---|
| 005 | 20240823051503.0 | ||
| 008 | 240823s9999||||xx |||||||||||||| ||und|| | ||
| 020 | _a978-81-7596-289-7 | ||
| 041 | _aENGLISH | ||
| 082 | _A841.7 Q1 | ||
| 100 | _aBhaskaran Nair P | ||
| 245 | 0 | _aContemplations I | |
| 250 | _a1st | ||
| 260 |
_c2011 _bCambridge University Press |
||
| 500 | _aYES | ||
| 650 |
_aGeneral _bGeneral |
||
| 700 | _a Geetha Rajeevan | ||
| 942 | _cBK | ||
| 999 |
_c219702 _d219702 |
||